03729nam a2200325Ia 4500008004100000040001800041041000800059242044100067245042200508246043800930260006801368300007201436500118401508500002202692505019602714506002202910546002202932600008502954650004303039650004403082650001903126650002903145650004403174700002603218700003503244700002703279700002403306700003503330700003803365130821s1618 fr gr spa  aCo-BoUCMbspa0 alat00aVolumen de Leyes [conocido como el pequeño]. En el cual se incluyen: los tres últimos libros del Código de Justiniano; las Auténticas (o "Novelas") del mismo emperador; dos libros sobre los feudos; las constituciones del emperador Federico II; dos "extravagantes" del emperador Enrique VII y el Tratado de Paz de Constanza. Con los comentarios de Acurssio, Conti, Dionisio Godofredo y las tesis de otros juristas anterioresyspa00aVolumen Legum parvum, quod vocant. In quo haec insunt: Tres posteriors libri Codicis D. Justiniani ..., Authenticae sed Novellae Constitutiones eiusdem Principis. Feudorum libri duo, Constitutiones Friderici II, Imperatoris. Extravagantes duae Henrici VII, Imperatoris, Tractatus de Pace Constantiae, cum comentariis Acursii, ac Contii, Dionysii Gothofredi, et aliorum quorumdam iuris antecessorum lucubrationibus ...13a[Volumen de Leyes [conocido como el pequeño]. En el cual se incluyen: los tres últimos libros del Código de Justiniano; las Auténticas (o "Novelas") del mismo emperador; dos libros sobre los feudos; las constituciones del emperador Federico II; dos "extravagantes" del emperador Enrique VII y el Tratado de Paz de Constanza. Con los comentarios de Acurssio, Conti, Dionisio Godofredo y las tesis de otros juristas anteriores] aLion (Francia)bSumptibus Horatii Cardon [Horacio Cardon]c1618 a[12] páginas 338 col, [8] páginas 648 col, 20 páginas 252 col aDetalles físicos: Encuadernación flexible en pergamino, pastas manchadas, rotas y con deterioro en bordes. Conserva guardas con deterioro en bordes, portada impresa a dos tintas, con un grabado (Emblema del editor, representa un león rampante, rodeado de abejas, con el lema latino: "La dulzura viene de los fuertes". Impresión en dos y hasta seis columnas, donde los textos comentados ocupan las columnas centrales y los comentarios las columnas que lo enmarcan. Apostillas marginales, letra en diversos tamaños, márgenes amplios, algunas mayúsculas capitales y cenefas iniciales. Signaturas y Reclamos. Papel muy manchado por humedad. En la guarda delantera dos anotaciones: "Es del Doctor Don Felipe Romana, procurador general de esta ciudad. Colegio Mayor de Nuestra Señora de Rosario. Santafé y Septiembre 7 del 1743". Más abajo, se lee: "José María del Castillo". Y otra en la portada, otras anotaciones de propiedad: "Doctor Juan de la Peña. 16542" (tachado), "Licenciado Don ()Rico de Guevara". Y tres sellos de tinta que dicen: "Del Colegio de Ntra. Sra. del Rosario", "El Colegio de Nuestra Señora del Rosario" y "Colegio Mayor del Rosario". aIncluye índice.0 aLibros X, XI y XII del Código de Justiniano. -- Auténticas [o "Novelas"] de la constitución nueva 1 hasta la constitución nueva 164. - FEUDOS: Libro I y Libro II sobre los feudos aConsulta en sala. aTexto en latín.24aJustinianobIcEmperador de Oriented482-565xCrítica e interpretación, etc.04aDerecho civilxObras anteriores a 170004aDerecho feudalxObras anteriores a 170004aDerecho romano04aDerecho romanoxHistoria04aDerecho romanoxObras anteriores a 17001 aAccurssiecomentarios1 aBrosses, Pierre deerevisión1 aCardon, Horacioeimpr.1 aContiiecomentarios1 aCujas, Jacquesd1522-1590eed.1 aGothofredi, Dionysijecomentarios